LEADER 01585nam a2200301 u 4500 001 000000080762 003 CaOOAMICUS 005 20070226123701.0 008 050215s1995 sz ab u000 u ger u 020 $a372781005X (Universitätsverlag) 020 $a3525538901 (Vandenhoeck & Ruprecht) 035 $a11027809 040 $aDAI(R)$bita 100 1 $aKeel, Othmar.$0(OLS)http://pul/name/25836 245 10$aCorpus der Stempelsiegel-Amulette aus Palästina/Israel :$bvon den Anfängen bis zur Perserzeit: Einleitung /$cOthmar Keel. 260 $aFreiburg Schweiz :$bUniversitätsverlag ;$aGöttingen :$bVandenhoeck & Ruprecht,$c1995. 300 $a366 S. :$bIll., Kt. ;$c33 cm 490 1 $aOrbis biblicus et orientalis.$aSeries archaeologica ;$v10 504 $aLiteratur: [291]-360. 830 0$aOrbis biblicus et orientalis.$pSeries archaeologica ;$v10.$0(OLS)http://pul/title/40482 850 $aPUL 852 $aPUL$W1$xSL Religione 3$y85$m220. 05 COLL 1.10$j103111$nBK-PRI$qDDC 21$B103111$CPULBib$Z2$F103111 $HPUL98047 $82 941 1 $a9 996 $6020$a372781005X (Universitätsverlag)$9(OLS)http://pul/number/106931 996 $6020$a3525538901 (Vandenhoeck & Ruprecht)$9(OLS)http://pul/number/106932 996 $6245$aCorpus der Stempelsiegel-Amulette aus Palästina/Israel :$bvon den Anfängen bis zur Perserzeit: Einleitung$9(OLS)http://pul/title/105732 996 $6260$aFreiburg Schweiz :$bUniversitätsverlag$9(OLS)http://pul/publisher/50908 996 $6260$aGöttingen :$bVandenhoeck & Ruprecht$9(OLS)http://pul/publisher/47973 LEADER 02139nam a2200361 a 4500 001 000000144556 003 CaOOAMICUS 005 20150703100405.0 008 150703s1940 sp u000 u spa r 040 $aPUL$bita 100 0 $aTheresia a Iesu,$cs.,$d1515-1582.$0(OLS)http://pul/name/20923 245 10$aLibro de las fundaciones de Santa Teresa de Jesús :$bedición cotejada con el autógrafo que se venera en San Lorenzo del Escorial /$cprecedida de una introducción, seguida de un apéndice e ilustrada con notas completivas sacadas del epistolario teresiano y de otros documentos del siglo por José María Aguado. 260 $aMadrid :$bEspasa-Calpe,$c1940. 300 $a2 v. ;$c19 cm. 490 1 $aClasicos castellanos ;$v115-116 504 $aInclude riferimenti bibliografici. 505 0 $aV. 1. Contiene la historia de las siete primeras fundaciones. -- v. 2. Comprende las fundaciones llevadas a cabo desde cumplimentar la orden del p. Ripalda fasta el fin de sus dias. 600 04$aTheresia a Iesu,$cs.,$d1515-1582.$0(OLS)http://pul/subject/17025 700 1 $aAguado, José Maria.$0(OLS)http://pul/name/92706 830 0$aClasicos castellanos ;$v115-116.$0(OLS)http://pul/title/182876 850 $aPUL 852 $aPUL$W1$xDP1 Religione 1$y20$m639 F 41$j166846$av. 1$qStampati$B167436$CPULBib$Z2$F167436 $H74688 $82 852 $aPUL$W1$xDP1 Religione 1$y20$m639 F 42$j166847$av. 2$qStampati$B167437$CPULBib$Z2$F167437 $H74689 $82 900 $aTeresa d'Avila,$bs.,$d1515-1582.$920923 900 $aTeresa di Gesů,$cs.,$d1515-1582.$920923 900 $aTeresia a Iesu,$cs.,$d1515-1582$920923 941 1 $a8 960 $aTeresa di Gesů,$cs.,$d1515-1582$917025 960 $aTeresa d'Avila,$cs.,$d1515-1582$917025 960 $aTeresia a Iesu,$cs.,$d1515-1582$917025 996 $6245$aLibro de las fundaciones de Santa Teresa de Jesús :$bedición cotejada con el autógrafo que se venera en San Lorenzo del Escorial$9(OLS)http://pul/title/182875 996 $6260$aMadrid :$bEspasa-Calpe$9(OLS)http://pul/publisher/58927 LEADER 01467nam a2200349 a 4500 001 000000173357 003 CaOOAMICUS 005 20200303162117.0 008 200303s2019 it 001 u ita r 020 $a978-88-3270-519-5* 032 $aLibriCat 040 $aPUL$bita 082 04$a342.45 100 1 $aGarofoli, Roberto.$0(OLS)http://pul/name/67736 245 10$aManuale di diritto amministrativo /$cRoberto Garofoli, Giulia Ferrari. 250 $aTredicesima edizione 2019/2020. 260 $aRoma :$bNeldiritto,$c2019. 260 $aRoma :$bNeldiritto,$c2019. 300 $aXLVIII, 2256 p. ;$c25 cm 490 1 $aI nuovi manuali superiori 504 $aBibliografia in nota. 650 4$aDiritto amministrativo$zItalia$vManuali.$0(OLS)http://pul/subject/17904 700 1 $aFerrari, Giulia.$0(OLS)http://pul/name/70557 830 2$aI nuovi manuali superiori.$0(OLS)http://pul/title/212305 850 $aPUL 852 $aPUL$W1$xSL Diritto e Scienze Sociali 3$y79$m342. 45 ALPGU 4$j197349$qDDC 21$B202135$CPULBib$Z2$F202135 $H134166 $82 996 $6020$a978-88-3270-519-5*$9(OLS)http://pul/number/167364 996 $6082$a342.45$9(OLS)http://pul/classification/377 996 $6245$aManuale di diritto amministrativo$9(OLS)http://pul/title/52899 996 $6260$aRoma :$bNeldiritto$9(OLS)http://pul/publisher/79815 996 $6260$aRoma :$bNeldiritto$9(OLS)http://pul/publisher/79815